Normal view
MARC view
Entry Personal Name
001 - CONTROL NUMBER
- control field: 6727
003 - CONTROL NUMBER IDENTIFIER
- control field: OSt
005 - DATE AND TIME OF LATEST TRANSACTION
- control field: 20160205180944.0
008 - FIXED-LENGTH DATA ELEMENTS
- fixed length control field: 160205|| aca||aabn | a|a d
040 ## - CATALOGING SOURCE
- Original cataloging agency: OSt
- Transcribing agency: OSt
100 ## - HEADING--PERSONAL NAME
- Personal name: Ronald J.Tocci;Widmer.Neal,S.;Moss,L.Gregory.
670 ## - SOURCE DATA FOUND
- Source citation: Work cat.: (OSt): Ronald J.Tocci;Widmer.Neal,S.;Moss,L.Gregory., Digital Systems;, 2009.
